| 000 | 01014cam a22003011 4500 | ||
|---|---|---|---|
| 001 | 800 | ||
| 003 | BD-RjUL | ||
| 005 | 20211208233231.0 | ||
| 008 | 131123s1953 xx 000 0 eng d | ||
| 035 | _a(BD-RjUL)820 | ||
| 035 | _a(OCoLC)2892546 | ||
| 040 |
_aDLC _cODa _dOCoLC _dDNLM _dDLC _beng |
||
| 041 | 0 | _aengfreger | |
| 060 | 0 |
_aZ 1006 _bL547v 1953 |
|
| 082 |
_a020.3 _221 _bTHV 1953 |
||
| 100 | 1 |
_aThompson, Anthony. _92391 |
|
| 245 | 1 | 0 |
_aVocabularium bibliothecarii : _bEnglish, French, German; begun by Henri LemaƮtre / _cAnthony Thompson |
| 250 | _arev. and enl. by Anthony Thompson. | ||
| 260 |
_aParis : _bUNESCO, _c1953. |
||
| 300 |
_a296 p. ; _c21 cm. |
||
| 490 | 1 |
_aUNESCO bibliographical handbooks, _v2 |
|
| 650 | 0 |
_aLibrary science _xDictionaries _xPolyglot. _92392 |
|
| 700 | 1 |
_aLemaƮtre, Henri, _d1881-1946. _92393 |
|
| 856 | _uhttp://www.worldcat.org/title/vocabularium-bibliothecarii/oclc/1862959&referer=brief_results | ||
| 942 |
_2ddc _cBK |
||
| 999 |
_c800 _d800 |
||